| 000 | 01383nam a2200253Ia 4500 | ||
|---|---|---|---|
| 999 |
_c56552 _d56552 |
||
| 001 | 23666 | ||
| 003 | GE_BSU | ||
| 005 | 20191029160329.0 | ||
| 008 | 181216s2017||||ge |||||||||||||| ||geo|| | ||
| 020 | _a9789941253119 | ||
| 041 | _ageo | ||
| 080 | _a338.27(075.8)+311.14 გ-29 | ||
| 100 |
_aგელაშვილი, სიმონ. _95080 |
||
| 245 |
_aსტატისტიკური პროგნოზირება ეკონომიკასა და ბიზნესში. წ. 1 : _bსახელმძღვანელო / _cსიმონ გელაშვილი ; რედ : ნინო აბესაძე ; ყდის დიზ : ელენე ვარამაშვილი . |
||
| 264 |
_aთბილისი : _bმერიდიანი, _c2017. |
||
| 300 |
_a326 გვ. : _bგრაფ.. _c20 სმ. |
||
| 504 | _aბიბლიოგრ.: გვ. 321-325. | ||
| 520 | _aთავფურცლის მე-3 გვერდი ინგლ. ენაზე. | ||
| 653 | _aეკონომიკა, სტატისტიკა | ||
| 653 | _aეკონომიკა | ||
| 700 |
_aბესაძე , ნინო _eრედაქტორი _95081 |
||
| 700 |
_aვარამაშვილი, ელენე _eყდის დიზაინერი _95082 |
||
| 942 |
_cBK _2udc |
||